000 00970nam a2200265 i 4500
001 13312
003 ES-MaACL
005 20231227134110.0
007 t|
008 980202s1997 sp ||||1| spa d
020 _a84-7658-510-1
080 _a081 Rios Urruti, Fernando de los
100 1 _aRíos, Fernando de los,
_d1879-1949
_997398
245 1 0 _aObras completas /
_cFernando de los Ríos ; edición de Teresa Rodríguez de Lecea.
250 _a1ª ed.
260 _aBarcelona :
_bAnthropos ;
_aMadrid :
_bFundación Caja de Madrid,
_c1997.
300 _a5 v. ;
_c20 cm.
504 _aBibliografía.
505 8 _aI. Libros -- II. Libros -- III. Escritos breves -- IV. Artículos -- V. Escritos de guerra civil y exilio
600 1 4 _aRíos, Fernando de los,
_d1879-1949
_997398
700 1 _aRodríguez de Lecea, Teresa.
_998460
710 2 _aFundación Especial Caja Madrid.
_94237
852 _aES-MaACL
_jL-20582-86
_bR.126445
999 _c13312
_d13312